Statistiques concernant Les panneaux de signalisations (Danger)

Cliquez ici pour prendre le quiz!

Statistiques générales

  • Ce quiz a été pris 621 fois
  • Le résultat moyen est 8 sur 16

Statistiques - réponses

Réponse% Correct
Stop
92%
Passage d'animaux sauvages
78%
Virage à droite
77%
Virage à gauche
77%
Passage pour piétons
73%
Cédez le passage
63%
Circulation dans les deux sens
63%
Route prioritaire
43%
Danger
39%
Fin de route prioritaire
36%
Ralentisseur
34%
Chaussée glissante
31%
Dos d'âne ou cassis
30%
Pont mobile
10%
Chaussée rétrécie
8%
Risque de chute de pierres
8%

Distribution des résultats

Percentile par nombre de réponses

% des personnes avec chaque résultat

Votre développement - résultats

Vous n’avez pas pris ce quiz